|
|
|
|
| LEADER |
00000nas a2200000 a 4500 |
| 001 |
ssj0002342 |
| 003 |
WaSeSS |
| 005 |
20200512172242.0 |
| 006 |
m d |
| 007 |
cr n |
| 008 |
981001c19869999gw mx pss 0 a0eng c |
| 010 |
|
|
|a 00227311
|
| 016 |
7 |
|
|a 013103286
|2 Uk
|
| 022 |
|
|
|a 1432-2064
|l 0178-8051
|y 0178-8051
|
| 035 |
|
|
|a (WaSeSS)ssj0002342
|
| 040 |
|
|
|a PIT
|b eng
|e pn
|c PIT
|d EYM
|d OCLCQ
|d MUQ
|d OCL
|d OCLCQ
|d UKMGB
|d OCLCQ
|d OCLCO
|d OCLCQ
|d TXA
|d OCLCF
|d OCLCO
|d OCLCQ
|d WT2
|d OCLCQ
|d AU@
|d DLC
|d U3W
|d VT2
|d OCLCQ
|d WaSeSS
|
| 042 |
|
|
|a pcc
|
| 050 |
0 |
0 |
|a QA273
|
| 082 |
0 |
4 |
|a 519.2
|
| 130 |
0 |
|
|a Probability theory and related fields (Online)
|
| 245 |
1 |
0 |
|a Probability theory and related fields
|h [electronic resource].
|
| 246 |
1 |
|
|a Probability theory
|
| 246 |
1 |
|
|a Probab. Theory Relat. Fields
|
| 260 |
|
|
|a Berlin ;
|a New York :
|b Springer-Verlag,
|c ©1986-
|
| 310 |
|
|
|a Monthly (irregular)
|
| 362 |
1 |
|
|a Began with: Vol. 71, issue 1 (Jan. 1986).
|
| 506 |
|
|
|a License restrictions may limit access.
|
| 515 |
|
|
|a Some numbers issued in combined form.
|
| 538 |
|
|
|a Mode of access: World Wide Web.
|
| 588 |
0 |
|
|a Vol. 71, issue 1 (Jan. 1986); title from PDF article header (SpringerLink, viewed Sept. 2, 2013).
|
| 588 |
1 |
|
|a Vol. 172, issue 3/4 (Dec. 2018) (Springer Link, viewed Dec. 17, 2018).
|
| 650 |
|
0 |
|a Probabilities
|v Periodicals.
|
| 650 |
|
0 |
|a Mathematical statistics
|v Periodicals.
|
| 650 |
|
6 |
|a Probabilités
|v Périodiques.
|
| 650 |
|
6 |
|a Statistique
|v Périodiques.
|
| 650 |
|
6 |
|a Statistique mathématique
|v Périodiques.
|
| 650 |
|
7 |
|a Mathematical statistics.
|2 fast
|0 (OCoLC)fst01012127
|
| 650 |
|
7 |
|a Probabilities.
|2 fast
|0 (OCoLC)fst01077737
|
| 655 |
|
0 |
|a Electronic journals.
|
| 776 |
0 |
8 |
|i Print version:
|t Probability theory and related fields
|x 0178-8051
|w (DLC) 86650503
|w (OCoLC)12576209
|
| 780 |
0 |
0 |
|t Zeitschrift für Wahrscheinlichkeitstheorie und verwandte Gebiete
|w (OCoLC)300649124
|
| 850 |
|
|
|a DLC
|
| 856 |
4 |
0 |
|z Full text available from Research Library: 01/01/2002 to 1 year ago
|u https://search.proquest.com/publication/47326
|